Statistics for 20 Most Allergic Foods

Click here to take the quiz!

General Stats

  • This quiz has been taken 41 times
  • The average score is 6 of 20

Answer Stats

NumberFood% Correct
1Milk
92%
3Peanuts
92%
2Eggs
54%
9Wheat
49%
7Fish
46%
8Shellfish
41%
6Soy
38%
15Potato
31%
12Carrot
28%
18Onion
28%
4Tree Nuts
21%
11Celery
18%
14Bell Pepper
13%
17Mushroom
10%
19Mustard
10%
13Avocado
8%
16Pumpkin
8%
5Sesame
8%
20Spices
3%
10Triticalr
0%

Score Distribution

Percentile by Number Answered

Percent of People with Each Score

Your Score History

You have not taken this quiz